Money Has No Value (Record no. 43562)
[ view plain ]
| 000 -LEADER | |
|---|---|
| fixed length control field | 00983cam a22003375i 4500 |
| 001 - CONTROL NUMBER | |
| control field | 23066201 |
| 005 - DATE AND TIME OF LATEST TRANSACTION | |
| control field | 20250404145211.0 |
| 008 - FIXED-LENGTH DATA ELEMENTS--GENERAL INFORMATION | |
| fixed length control field | 230414s2023 mau 000 0 eng |
| 010 ## - LIBRARY OF CONGRESS CONTROL NUMBER | |
| LC control number | 2023936598 |
| 020 ## - INTERNATIONAL STANDARD BOOK NUMBER | |
| International Standard Book Number | 9783110760729 |
| 020 ## - INTERNATIONAL STANDARD BOOK NUMBER | |
| International Standard Book Number | 9783110760903 |
| 020 ## - INTERNATIONAL STANDARD BOOK NUMBER | |
| Canceled/invalid ISBN | 9783110760774 |
| 020 ## - INTERNATIONAL STANDARD BOOK NUMBER | |
| Canceled/invalid ISBN | 9783110796742 |
| 041 ## - LANGUAGE CODE | |
| Language code of text/sound track or separate title | eng |
| 042 ## - AUTHENTICATION CODE | |
| Authentication code | pcc |
| 082 ## - DEWEY DECIMAL CLASSIFICATION NUMBER | |
| Classification number | 737 CHA |
| 100 1# - MAIN ENTRY--PERSONAL NAME | |
| Author | Chambers, Samuel A., |
| 245 10 - TITLE STATEMENT | |
| Title | Money Has No Value |
| 250 ## - EDITION STATEMENT | |
| Edition statement | 1st |
| 260 ## - PUBLICATION, DISTRIBUTION, ETC. | |
| Place | Boston |
| Publisher | De Gruyter |
| Publication Year | 2023 |
| 300 ## - PHYSICAL DESCRIPTION | |
| Extent | 211;. pages: 23 cm |
| 650 ## - SUBJECT ADDED ENTRY--TOPICAL TERM | |
| Subject | Antiques and Collectibles / Coins, Currency and Medals; Money--Exhibitions; Coins--Exhibitions; Paper money-Exhibitions; Coins--History |
| 942 ## - ADDED ENTRY ELEMENTS (KOHA) | |
| Koha item type | Books |
| 263 ## - PROJECTED PUBLICATION DATE | |
| Projected publication date | 2312 |
| 264 #1 - PRODUCTION, PUBLICATION, DISTRIBUTION, MANUFACTURE, AND COPYRIGHT NOTICE | |
| Place of production, publication, distribution, manufacture | Boston : |
| Name of producer, publisher, distributor, manufacturer | De Gruyter, |
| Date of production, publication, distribution, manufacture, or copyright notice | 2023. |
| 336 ## - CONTENT TYPE | |
| Content type term | text |
| Content type code | txt |
| Source | rdacontent |
| 337 ## - MEDIA TYPE | |
| Media type term | unmediated |
| Media type code | n |
| Source | rdamedia |
| 338 ## - CARRIER TYPE | |
| Carrier type term | volume |
| Carrier type code | nc |
| Source | rdacarrier |
| 906 ## - LOCAL DATA ELEMENT F, LDF (RLIN) | |
| a | 0 |
| b | ibc |
| c | orignew |
| d | 2 |
| e | epcn |
| f | 20 |
| g | y-gencatlg |
| Withdrawn status | Lost status | Source of classification or shelving scheme | Damaged status | Not for loan | Home library | Current library | Shelving location | Accession Date | Vendor | Price | Bill number | Total Checkouts | Full call number | Barcode No | Date last seen | Date last checked out | Discount | Bill Date | Koha item type | Suggested By |
|---|---|---|---|---|---|---|---|---|---|---|---|---|---|---|---|---|---|---|---|---|
| Dewey Decimal Classification | IMTN | IMTN | Rack 38-A | 03/27/2025 | Raghav Books Private Limited | 2791.34 | 2374 | 1 | 737 CHA | 33836 | 10/16/2025 | 10/07/2025 | 33 | 02/14/2025 | Books | Dr. Mantha Raghu (Head Librarian) |